Alle Länder Ozeaniens in 2 Minuten (mit Karte) - Statistiken

Allgemein
  • Dieses Quiz wurde 16 mal gespielt
  • Das Durchschnittsergebnis liegt bei 11 aus 14
Antworten auf der Karte
Die Antworten werden auf der Karte rot bzw. grün angezeigt, abhängig davon wie oft sie richtig erraten wurden.
 
Antwortstatistiken
Antwort % Korrekt
Australien
100%
Papua-Neuguinea
100%
Neuseeland
100%
Tuvalu
92%
Nauru
83%
Vanuatu
83%
Fidschi
75%
Marshallinseln
75%
Mikronesien
75%
Palau
75%
Kiribati
67%
Tonga
58%
Salomonen
50%
Samoa
50%
Keine übereinstimmenden Quizze gefunden
Verteilung der Resultate
Anzahl Personen mit jedem Resultat
Perzentil nach korrekt beantworteten Fragen
Ihre Resultats-Entwicklung
Sie haben dieses Quiz noch nicht gespielt